[Event "BL 8182 Bayern-Delmenhorst"]
[Site "?"]
[Date "1982.??.??"]
[Round "?.3"]
[White "Meyer, CD."]
[Black "Kindermann, S."]
[Result "1/2-1/2"]
[WhiteElo "2285"]
[BlackElo "2425"]
[PlyCount "27"]
[EventDate "1982.??.??"]

1. e4 d6 2. d4 Nf6 3. Nc3 g6 4. g3 Bg7 5. Bg2 O-O 6. Nge2 e5 7. O-O Nc6 8. dxe5
dxe5 9. Bg5 Nd4 10. Nxd4 exd4 11. Nd5 Be6 12. Qd3 Bxd5 13. exd5 h6 14. Bxf6
1/2-1/2

[Event "BL 8182 Bayern-Delmenhorst"]
[Site "?"]
[Date "1982.??.??"]
[Round "?.5"]
[White "Dornieden, M."]
[Black "Schubert, C."]
[Result "0-1"]
[WhiteElo "2325"]
[BlackElo "2270"]
[PlyCount "122"]
[EventDate "1982.??.??"]

1. c4 Nf6 2. Nf3 g6 3. g3 Bg7 4. Bg2 d6 5. Nc3 O-O 6. O-O Nc6 7. Rb1 a5 8. a3
e5 9. d3 Bg4 10. h3 Be6 11. b4 axb4 12. axb4 h6 13. b5 Ne7 14. e4 Nd7 15. Nd5
Nc5 16. Be3 Nc8 17. Qc2 c6 18. bxc6 bxc6 19. Nb4 Qd7 20. Kh2 Ne7 21. d4 Nxe4
22. dxe5 d5 23. Nd4 Bf5 24. Nxf5 Nxf5 25. Bxe4 Nxe3 26. fxe3 dxe4 27. Qxe4 c5
28. Nd3 Ra2+ 29. Rf2 Rxf2+ 30. Nxf2 Qd2 31. Kg2 Re8 32. Qd3 Qa2 33. Qd7 Rf8 34.
Qd3 Bxe5 35. Rb7 h5 36. Qd5 Bf6 37. Kf3 h4 38. g4 Qa1 39. Rb6 Rd8 40. Rd6 Rxd6
41. Qxd6 Be5 42. Qd8+ Kg7 43. Qxh4 Qa8+ 44. Ne4 Qa1 45. Nf2 Qa8+ 46. Ne4 f6 47.
Qe1 f5 48. gxf5 gxf5 49. Qb1 fxe4+ 50. Qxe4 Qb8 51. Kg4 Qd6 52. Qb7+ Kh6 53.
Kf5 Qf6+ 54. Ke4 Bg3 55. Qc8 Qe7+ 56. Kf5 Qf7+ 57. Kg4 Be5 58. Qc6+ Qg6+ 59.
Qxg6+ Kxg6 60. h4 Bg7 61. e4 Kf6 0-1

[Event "BL 8182 Bamberg-FH Hamburg"]
[Site "?"]
[Date "1982.??.??"]
[Round "?.1"]
[White "Wockenfuss, K."]
[Black "Pfleger, He"]
[Result "0-1"]
[WhiteElo "2380"]
[BlackElo "2500"]
[PlyCount "100"]
[EventDate "1982.??.??"]

1. e4 d6 2. d4 Nf6 3. Nc3 g6 4. f4 Bg7 5. Nf3 O-O 6. Bd3 Nbd7 7. O-O e5 8. fxe5
dxe5 9. d5 c6 10. dxc6 bxc6 11. Kh1 Qc7 12. Be3 Re8 13. Qe1 Nf8 14. Qh4 Ne6 15.
Rad1 Nh5 16. Bc4 Nef4 17. Rd2 Be6 18. Bxe6 Nxe6 19. Rfd1 Qb7 20. b3 Qb4 21. Ne2
Nhf4 22. Bxf4 exf4 23. Nxf4 Nxf4 24. Qxf4 Rxe4 25. Rd8+ Rxd8 26. Rxd8+ Bf8 27.
Qd2 Qxd2 28. Rxd2 Bc5 29. g3 Kg7 30. Kg2 Kf6 31. Kf1 h5 32. Rd7 Re3 33. Rd3
Rxd3 34. cxd3 Kf5 35. h3 g5 36. Nd2 g4 37. hxg4+ hxg4 38. Nc4 Ke6 39. Ke2 f5
40. Ne3 Bd6 41. Nf1 Bc7 42. Ke3 Kd5 43. d4 a5 44. Kd3 f4 45. gxf4 Bxf4 46. a3
g3 47. Ne3+ Bxe3 48. Kxe3 g2 49. Kf2 Kxd4 50. Kxg2 Kc3 0-1

[Event "BL 8182 Bamberg-FH Hamburg"]
[Site "?"]
[Date "1982.??.??"]
[Round "?.2"]
[White "Hartmann, Wo"]
[Black "Fries Nielsen, J."]
[Result "0-1"]
[WhiteElo "2275"]
[BlackElo "2350"]
[PlyCount "62"]
[EventDate "1982.??.??"]

1. e4 c5 2. Nf3 e6 3. d4 cxd4 4. Nxd4 Nf6 5. Nc3 Nc6 6. Ndb5 d6 7. Bf4 e5 8.
Bg5 a6 9. Na3 Be6 10. Nc4 Rc8 11. Bxf6 gxf6 12. Bd3 Ne7 13. Ne3 Qb6 14. Rb1 Bh6
15. Ned5 Bxd5 16. exd5 f5 17. O-O e4 18. Be2 Qc5 19. g4 Bg7 20. gxf5 Bxc3 21.
bxc3 Nxd5 22. Rxb7 Nxc3 23. Qe1 Qxf5 24. f3 Qg5+ 25. Kh1 Rg8 26. Rf2 e3 27.
Bxa6 Kf8 28. Bc4 Qg1+ 29. Qxg1 Rxg1+ 30. Kxg1 exf2+ 31. Kxf2 Rxc4 0-1

[Event "BL 8182 Bamberg-FH Hamburg"]
[Site "?"]
[Date "1982.??.??"]
[Round "?.3"]
[White "Cording, H."]
[Black "Kestler, H."]
[Result "0-1"]
[WhiteElo "2320"]
[BlackElo "2405"]
[PlyCount "78"]
[EventDate "1982.??.??"]

1. d4 d6 2. e4 Nf6 3. Nc3 g6 4. g3 Bg7 5. Bg2 O-O 6. Nge2 Nbd7 7. O-O e5 8. h3
exd4 9. Nxd4 Re8 10. Nb3 Rb8 11. Bg5 h6 12. Bf4 b6 13. Qd2 Kh7 14. g4 Bb7 15.
Rfe1 Ne5 16. Rad1 Qe7 17. Nd4 a6 18. b3 b5 19. Bg3 c5 20. Nf3 b4 21. Nd5 Nxf3+
22. Bxf3 Nxd5 23. exd5 Qd7 24. Qd3 Bc3 25. Rxe8 Rxe8 26. h4 Qe7 27. Kg2 Kg7 28.
Bf4 Qd7 29. Rh1 Bc8 30. Qd1 Be5 31. Be3 f5 32. Qc1 Rh8 33. h5 g5 34. Qd1 fxg4
35. Be4 Rf8 36. Qd3 Qf7 37. Re1 Bc3 38. Re2 Qxh5 39. Bh7 g3 0-1

[Event "BL 8182 Bamberg-FH Hamburg"]
[Site "?"]
[Date "1982.??.??"]
[Round "?.4"]
[White "Ruehrig, V."]
[Black "Rosin, W."]
[Result "1-0"]
[WhiteElo "2300"]
[BlackElo "2265"]
[PlyCount "89"]
[EventDate "1982.??.??"]

1. d4 d5 2. c4 c6 3. Nc3 Nf6 4. Nf3 dxc4 5. a4 Na6 6. e3 Bg4 7. Bxc4 e6 8. h3
Bh5 9. O-O Nb4 10. Qe2 a5 11. Rd1 Be7 12. e4 O-O 13. Bg5 h6 14. Bf4 Bxf3 15.
Qxf3 Nc2 16. e5 Nd5 17. Bxd5 cxd5 18. Rac1 Nb4 19. Nb5 Nc6 20. Rc3 Rc8 21. Qh5
Bg5 22. Bg3 g6 23. Qe2 Be7 24. Rdc1 Qd7 25. h4 Bb4 26. R3c2 Kh7 27. Bf4 Rfd8
28. Bd2 Be7 29. Qe3 Rh8 30. Qf4 Rcf8 31. Rc3 g5 32. hxg5 Bxg5 33. Qf3 Rhg8 34.
Qd3+ Kh8 35. f4 Be7 36. f5 Bg5 37. f6 Nb4 38. Qe2 Na2 39. Bxg5 Rxg5 40. Rh3
Nxc1 41. Qe3 Ne2+ 42. Kh2 Rg6 43. Rxh6+ Kg8 44. Qh3 Rxg2+ 45. Qxg2+ 1-0

[Event "BL 8182 Bamberg-FH Hamburg"]
[Site "?"]
[Date "1982.??.??"]
[Round "?.5"]
[White "Kordsachia, T."]
[Black "Treppner, G."]
[Result "0-1"]
[WhiteElo "2350"]
[BlackElo "2255"]
[PlyCount "76"]
[EventDate "1982.??.??"]

1. Nf3 Nf6 2. d4 d6 3. Nbd2 g6 4. e4 Bg7 5. Be2 O-O 6. O-O c5 7. dxc5 dxc5 8.
Re1 Nc6 9. c3 Qc7 10. Qc2 Be6 11. Nf1 Rad8 12. Bg5 Ne5 13. Bh4 Nxf3+ 14. Bxf3
Ng4 15. Bxg4 Bxg4 16. Ne3 Be6 17. Nd5 Bxd5 18. exd5 Rxd5 19. Rxe7 Rd7 20. Rae1
Qc6 21. Qe4 Qxe4 22. R1xe4 Rfd8 23. g4 f6 24. R4e6 Kf8 25. Rxd7 Rxd7 26. Bg3
Kf7 27. Re2 Bh6 28. h3 c4 29. f4 Rd3 30. Kg2 Bf8 31. Bf2 a6 32. Re4 b5 33. Rd4
Bc5 34. Rxc4 bxc4 35. Bxc5 Ke6 36. Ba3 Kd5 37. h4 Ke4 38. g5 f5 0-1

[Event "BL 8182 Solingen-Kettig"]
[Site "?"]
[Date "1982.??.??"]
[Round "?.1"]
[White "Weidemann, J."]
[Black "Spassky, B."]
[Result "1/2-1/2"]
[WhiteElo "2285"]
[BlackElo "2630"]
[PlyCount "30"]
[EventDate "1982.??.??"]

1. e4 e5 2. Nc3 Nc6 3. g3 g6 4. Bg2 Bg7 5. d3 d6 6. Nge2 f5 7. O-O Nf6 8. Nd5
O-O 9. Bg5 Be6 10. Qd2 Qd7 11. Nxf6+ Bxf6 12. Bxf6 Rxf6 13. d4 exd4 14. exf5
Rxf5 15. Nxd4 Nxd4 1/2-1/2

[Event "BL 8182 Solingen-Kettig"]
[Site "?"]
[Date "1982.??.??"]
[Round "?.2"]
[White "Kavalek, L."]
[Black "Marian, R."]
[Result "1-0"]
[WhiteElo "2595"]
[BlackElo "2250"]
[PlyCount "98"]
[EventDate "1982.??.??"]

1. e4 c5 2. Nf3 e6 3. d4 cxd4 4. Nxd4 a6 5. Bd3 g6 6. c4 Bg7 7. Nb3 d6 8. O-O
Nf6 9. Nc3 O-O 10. Bf4 e5 11. Bg5 h6 12. Bh4 Be6 13. Be2 Nc6 14. Rc1 Rc8 15. f3
Ne7 16. Nd5 Nexd5 17. cxd5 Rxc1 18. Qxc1 Bd7 19. Qe1 Ba4 20. Qb4 Bxb3 21. Qxb3
Qc7 22. Bf2 Rc8 23. Be3 Nd7 24. Rc1 Qb8 25. Qd1 Kh7 26. b4 Rc7 27. b5 axb5 28.
Bxb5 Qc8 29. Rb1 Nc5 30. Qd2 Bf8 31. h4 h5 32. Rc1 Be7 33. g3 Nd7 34. Rxc7 Qxc7
35. Bf1 Bd8 36. Qb4 Nc5 37. Qb5 Qe7 38. Bh3 Qc7 39. Bf1 Qe7 40. a4 Qc7 41. Kf2
Qe7 42. Bc4 Kg7 43. Ke2 Kh7 44. Bxc5 dxc5 45. d6 Qxd6 46. Qxb7 Bc7 47. Qd5 Qxd5
48. Bxd5 f5 49. Kd3 f4 {ZÜ} 1-0

[Event "BL 8182 Bochum-Frankfurt"]
[Site "?"]
[Date "1982.??.??"]
[Round "?.1"]
[White "Sosonko, G."]
[Black "Schussler, H."]
[Result "0-1"]
[WhiteElo "2585"]
[BlackElo "2495"]
[PlyCount "84"]
[EventDate "1982.??.??"]

1. d4 Nf6 2. c4 c5 3. d5 a6 4. Nc3 b5 5. cxb5 axb5 6. Nxb5 e6 7. Nc3 exd5 8.
Nxd5 Bb7 9. e4 Nxe4 10. Bc4 Qa5+ 11. Kf1 Nc6 12. Bf4 O-O-O 13. Nf3 Bd6 14. Qc1
Bxf4 15. Qxf4 Rhe8 16. h4 Nb4 17. Nxb4 Qxb4 18. b3 d5 19. Be2 Re6 20. Rc1 Rde8
21. Rc2 Rf6 22. Qg4+ Kb8 23. Qd7 Bc6 24. Qg4 c4 25. Kg1 Qc5 26. Bf1 c3 27. Rh3
d4 28. Qxg7 Qd6 29. Bd3 Nc5 30. Bxh7 Bxf3 31. gxf3 d3 32. Bxd3 Nxd3 33. Rg3 Nf4
34. Qg5 Nh3+ 35. Rxh3 Rg6 36. Rxc3 Re1+ 37. Kg2 Qd1 38. Rg3 Rg1+ 39. Kh3 Rh1+
40. Kg4 Rxg5+ 41. Kxg5 Qd5+ 42. Kf6 Qd4+ 0-1

[Event "BL 8182 Bochum-Frankfurt"]
[Site "?"]
[Date "1982.??.??"]
[Round "?.2"]
[White "Borik, O."]
[Black "Lobron, E."]
[Result "0-1"]
[WhiteElo "2410"]
[BlackElo "2395"]
[PlyCount "102"]
[EventDate "1982.??.??"]

1. Nf3 g6 2. d4 Bg7 3. e4 d6 4. Bc4 c6 5. Bb3 Nf6 6. Qe2 O-O 7. O-O a5 8. e5
Nd5 9. Re1 a4 10. Bxd5 cxd5 11. exd6 Qxd6 12. Qxe7 Qxe7 13. Rxe7 Nc6 14. Re1
Nxd4 15. Nxd4 Bxd4 16. c3 Bg7 17. Rd1 Re8 18. Be3 Bg4 19. Rc1 b5 20. h3 Bf5 21.
a3 Rad8 22. Nd2 d4 23. cxd4 Rxd4 24. Bxd4 Bxd4 25. Re1 Rxe1+ 26. Rxe1 Bxb2 27.
g4 Be6 28. Nb1 Bc4 29. Rd1 Kf8 30. Rd2 Be5 31. Rc2 Ke7 32. Kg2 Bd3 33. Rc1 b4
34. axb4 Bxb1 35. Rxb1 a3 36. Re1 Kd6 37. f4 Bb2 38. f5 gxf5 39. gxf5 a2 40.
Kf3 a1=Q 41. Rxa1 Bxa1 42. Kg4 Bg7 43. Kh5 Ke5 44. b5 Kxf5 45. b6 Be5 46. Kh6
Kf4 47. Kxh7 Kg3 48. Kh6 f5 49. Kg5 f4 50. Kf5 Bb8 51. Ke4 f3 0-1

[Event "BL 8182 Bochum-Frankfurt"]
[Site "?"]
[Date "1982.??.??"]
[Round "?.3"]
[White "Hess, R."]
[Black "Budde, V."]
[Result "0-1"]
[WhiteElo "2415"]
[BlackElo "2355"]
[PlyCount "78"]
[EventDate "1982.??.??"]

1. e4 c5 2. Nf3 e6 3. d4 cxd4 4. Nxd4 Nf6 5. Nc3 d6 6. Bc4 a6 7. Bb3 b5 8. O-O
Be7 9. Qe2 Qb6 10. Be3 Qb7 11. f3 O-O 12. g4 Nfd7 13. Bxe6 fxe6 14. Nxe6 Re8
15. Nd5 Nf6 16. Nec7 Nxd5 17. Nxe8 Nxe3 18. Qxe3 Bd7 19. Nxg7 Kxg7 20. f4 h6
21. Qd4+ Kg8 22. Rad1 Be6 23. f5 Bf7 24. h4 Bd8 25. Kg2 Nd7 26. Kh3 Ne5 27.
Rde1 Qe7 28. g5 Rc8 29. Qf2 hxg5 30. hxg5 Bh5 31. Rg1 Nf3 32. c3 Rc4 33. f6
Qe6+ 34. Kg2 Nxg1 35. Qh4 Nf3 36. Qxh5 Nxe1+ 37. Kf1 Qf7 38. Qe2 Qg6 39. Qxe1
Rxe4 0-1

[Event "BL 8182 Bochum-Frankfurt"]
[Site "?"]
[Date "1982.??.??"]
[Round "?.4"]
[White "Paulsen, D."]
[Black "Podzielny, K."]
[Result "0-1"]
[WhiteElo "2290"]
[BlackElo "2405"]
[PlyCount "82"]
[EventDate "1982.??.??"]

1. e4 c5 2. Nf3 e6 3. b3 a6 4. Bb2 d6 5. d4 cxd4 6. Nxd4 Nf6 7. Bd3 Be7 8. c4
b6 9. O-O Bb7 10. Nc3 Nbd7 11. Qe2 O-O 12. Rad1 Re8 13. Bb1 Qc7 14. f4 Bf8 15.
Nf3 g6 16. e5 dxe5 17. fxe5 Ng4 18. Ne4 Bxe4 19. Qxe4 Bc5+ 20. Kh1 Ne3 21. Ng5
Nxd1 22. Rxd1 Be7 23. Nf3 Rad8 24. Rf1 Nc5 25. Qe3 Rd7 26. Bd4 Red8 27. Bc2 a5
28. h4 Qc6 29. h5 b5 30. cxb5 Qxb5 31. Rf2 Qb4 32. Bc3 Qg4 33. hxg6 hxg6 34.
Rd2 Rxd2 35. Bxd2 Nd7 36. Qh6 Bf8 37. Qh2 Bg7 38. Bxa5 Rc8 39. Bd3 Rc1+ 40. Ne1
Bxe5 41. Qh6 Qg3 0-1

[Event "BL 8182 Bochum-Frankfurt"]
[Site "?"]
[Date "1982.??.??"]
[Round "?.5"]
[White "Werner, D."]
[Black "Wittmann, R."]
[Result "1/2-1/2"]
[WhiteElo "2355"]
[BlackElo "2325"]
[PlyCount "51"]
[EventDate "1982.??.??"]

1. Nf3 Nf6 2. g3 g6 3. Bg2 c5 4. O-O Bg7 5. c4 O-O 6. Nc3 Nc6 7. b3 d6 8. Bb2
e5 9. e3 Ne8 10. d3 f5 11. Nd2 g5 12. Nd5 Be6 13. a3 Nf6 14. b4 Rc8 15. Qa4 a6
16. b5 Bxd5 17. cxd5 axb5 18. Qxb5 Ne7 19. a4 Kh8 20. Qc4 Qe8 21. a5 Qf7 22. a6
bxa6 23. Rxa6 Rb8 24. Qa2 Nfxd5 25. Rxd6 Nxe3 26. Qxf7 1/2-1/2

[Event "BL 8182 Bochum-Frankfurt"]
[Site "?"]
[Date "1982.??.??"]
[Round "?.6"]
[White "Bachmann, K."]
[Black "Haakert, J."]
[Result "1-0"]
[WhiteElo "2295"]
[BlackElo "2305"]
[PlyCount "123"]
[EventDate "1982.??.??"]

1. e4 Nf6 2. e5 Nd5 3. d4 d6 4. Nf3 Nc6 5. c4 Nb6 6. exd6 exd6 7. Be2 Bg4 8.
O-O Be7 9. Nc3 O-O 10. b3 Bf6 11. Be3 d5 12. c5 Nc8 13. h3 Be6 14. Rc1 N8e7 15.
g4 g6 16. Ne1 g5 17. Ng2 Ng6 18. Qd2 Bg7 19. Bxg5 Qd7 20. Be3 f5 21. f3 Rf7 22.
Bb5 Raf8 23. Bxc6 Qxc6 24. Ne2 Qa6 25. g5 f4 26. Nexf4 Nxf4 27. Nxf4 Rxf4 28.
Bxf4 Bxh3 29. Rf2 Qg6 30. Be5 Rf5 31. f4 h6 32. Rc3 Bg4 33. Rg3 h5 34. Bxg7
Qxg7 35. Qe3 Qd7 36. Qd3 Rf7 37. Re3 Bf5 38. Qe2 Be4 39. Rg3 h4 40. Rg4 Bd3 41.
Qd1 h3 42. Rh4 Bg6 43. Qe1 Re7 44. Re2 Rxe2 45. Qxe2 Qf5 46. Kh2 Kf7 47. Qf2
Qb1 48. Rg4 Bf5 49. Rg1 Qd3 50. Re1 Be4 51. Qe3 Qc2+ 52. Re2 Qd1 53. Kxh3 Kg6
54. Kg3 Kf5 55. Rh2 Qf1 56. g6 Kxg6 57. f5+ Kf7 58. Rh7+ Kg8 59. Rxc7 Qg2+ 60.
Kf4 Qf1+ 61. Kg5 Kf8 62. Qf4 1-0

[Event "BL 8182 Bochum-Frankfurt"]
[Site "?"]
[Date "1982.??.??"]
[Round "?.8"]
[White "Ackermann, H."]
[Black "Fahnenschmidt, G."]
[Result "1/2-1/2"]
[WhiteElo "2255"]
[BlackElo "2325"]
[PlyCount "70"]
[EventDate "1982.??.??"]

1. e4 c5 2. Nf3 e6 3. Nc3 d6 4. Bb5+ Nd7 5. O-O Ngf6 6. Re1 Be7 7. a4 O-O 8. h3
Ne5 9. Nxe5 dxe5 10. d3 Qc7 11. Bc4 a6 12. a5 Nd7 13. Qg4 Kh8 14. Bd2 Nb8 15.
Na4 Nc6 16. Nb6 Rb8 17. h4 Bd7 18. Qh3 Rbe8 19. Rac1 Qd8 20. Qh2 Bd6 21. Bb3
Bc7 22. Nc4 Nd4 23. Ba2 Bb5 24. Nb6 Bc6 25. Nc4 Qe7 26. Qg3 f6 27. c3 Nb5 28.
Be3 Rc8 29. f3 Be8 30. Qf2 Bd8 31. Red1 Rc6 32. Bb3 Rc8 33. Ra1 Rc6 34. Bc2 Qc7
35. Ba4 Qe7 1/2-1/2

[Event "BL 8182 Kettig-Bochum"]
[Site "?"]
[Date "1982.??.??"]
[Round "?.1"]
[White "Schussler, H."]
[Black "Weidemann, J."]
[Result "1/2-1/2"]
[WhiteElo "2495"]
[BlackElo "2285"]
[PlyCount "101"]
[EventDate "1982.??.??"]

1. d4 d5 2. Nf3 c6 3. c4 e6 4. Nc3 f5 5. Bf4 Nf6 6. e3 Be7 7. Be2 O-O 8. O-O
Ne4 9. Bxb8 Rxb8 10. Ne5 Nd6 11. f4 Nf7 12. Nxf7 Rxf7 13. Rb1 Bf8 14. b4 b5 15.
c5 a5 16. a4 Bd7 17. g3 axb4 18. Rxb4 bxa4 19. Qxa4 Ra8 20. Qb3 g5 21. Kh1 Be8
22. Bf3 Rfa7 23. Ra4 Rb8 24. Qc2 Rab7 25. Ra2 h5 26. Rb1 Rxb1+ 27. Nxb1 h4 28.
Rb2 Qa5 29. Nd2 Ra8 30. Kg2 Qa1 31. Qb1 Qa3 32. Kf2 Ra7 33. Rb8 Bg6 34. Qb6
hxg3+ 35. hxg3 gxf4 36. gxf4 Qa2 37. Be2 Rf7 38. Nf3 Bh5 39. Qxc6 Rf6 40. Qd6
Bxf3 41. Kxf3 Qa1 42. Kf2 Qh1 43. Bf3 Qh4+ 44. Ke2 Qh2+ 45. Kd3 Qa2 46. Rxf8+
Rxf8 47. Qxe6+ Kg7 48. Bxd5 Qb1+ 49. Kd2 Qb2+ 50. Kd3 Qb1+ 51. Kc3 1/2-1/2

[Event "BL 8182 Kettig-Bochum"]
[Site "?"]
[Date "1982.??.??"]
[Round "?.2"]
[White "Marian, R."]
[Black "Borik, O."]
[Result "1/2-1/2"]
[WhiteElo "2250"]
[BlackElo "2410"]
[PlyCount "70"]
[EventDate "1982.??.??"]

1. c4 Nf6 2. Nc3 g6 3. g3 Bg7 4. Bg2 O-O 5. Nf3 d6 6. O-O e5 7. d4 Nbd7 8. d5
a5 9. Ne1 Nb6 10. b3 e4 11. Nc2 Re8 12. Nd4 Bd7 13. Bg5 h6 14. Bxf6 Qxf6 15. e3
Bf5 16. Rc1 Re7 17. Nxf5 gxf5 18. Ne2 Nd7 19. Nd4 Qg6 20. Ne2 Be5 21. f3 Nc5
22. fxe4 fxe4 23. Nf4 Bxf4 24. Rxf4 f5 25. Bf1 Rae8 26. Be2 Nd3 27. Bxd3 exd3
28. Qxd3 Rxe3 29. Qxf5 Re1+ 30. Rxe1 Rxe1+ 31. Kf2 Qxf5 32. Rxf5 Ra1 33. a4
Ra2+ 34. Kg1 Rb2 35. Rf3 Kg7 1/2-1/2

[Event "BL 8182 Frankfurt-Solingen"]
[Site "?"]
[Date "1982.??.??"]
[Round "?.2"]
[White "Lobron, E."]
[Black "Kavalek, L."]
[Result "1-0"]
[WhiteElo "2395"]
[BlackElo "2595"]
[PlyCount "95"]
[EventDate "1982.??.??"]

1. e4 c5 2. Nf3 d6 3. d4 cxd4 4. Nxd4 Nf6 5. Nc3 a6 6. Be3 e5 7. Nb3 Be6 8. Qd2
Nbd7 9. f3 Rc8 10. g4 h6 11. h4 Qc7 12. Rh2 g6 13. O-O-O b5 14. Kb1 Nb6 15. g5
hxg5 16. hxg5 Rxh2 17. Qxh2 Nfd7 18. f4 Nc4 19. Bxc4 bxc4 20. Nc1 Rb8 21. Qh7
Qb7 22. b3 cxb3 23. axb3 Rc8 24. Nd5 Bxd5 25. exd5 Qb4 26. fxe5 Qc3 27. Rd2
Qxe3 28. Re2 Qf3 29. exd6+ Kd8 30. Qg8 Qxd5 31. Nd3 Rc6 32. Re7 Qxd6 33. Rxf7
a5 34. Rf4 Rc3 35. Qf7 Rxd3 36. cxd3 Qxd3+ 37. Kb2 Qd2+ 38. Kb1 Qd3+ 39. Kb2
Bc5 40. Qg8+ Kc7 41. Rc4 Kb7 42. Qg7 Kb6 43. Qh8 Bd6 44. Qd8+ Ka6 45. Qc8+ Kb6
46. Qc6+ Ka7 47. Qxd7+ Kb6 48. Rc6+ 1-0

[Event "BL 8182 Frankfurt-Solingen"]
[Site "?"]
[Date "1982.??.??"]
[Round "?.3"]
[White "Hecht, H."]
[Black "Hess, R."]
[Result "1/2-1/2"]
[WhiteElo "2460"]
[BlackElo "2415"]
[PlyCount "85"]
[EventDate "1982.??.??"]

1. e4 e5 2. Bc4 Nf6 3. d3 c6 4. Nf3 Be7 5. O-O d6 6. Bb3 Nbd7 7. c3 Nf8 8. Nbd2
Ng6 9. d4 O-O 10. Re1 Qc7 11. Nf1 h6 12. Ng3 Re8 13. h3 Bd7 14. Be3 Rad8 15.
Qd2 Bf8 16. Rad1 Bc8 17. Qc2 a6 18. a4 c5 19. dxc5 dxc5 20. Bc4 Ne7 21. Nd2 Nc6
22. Nb3 b6 23. Rxd8 Nxd8 24. f3 Bd7 25. Nc1 b5 26. axb5 axb5 27. Bf1 Ne6 28.
Rd1 g6 29. Nh1 Ra8 30. Nf2 h5 31. h4 c4 32. g3 b4 33. cxb4 Ba4 34. b3 cxb3 35.
Qxc7 Nxc7 36. Ncd3 Nb5 37. Ra1 Nc3 38. Bd2 Na2 39. Nb2 Bc6 40. Bc4 Bxb4 41.
Bxb4 Nxb4 42. Rxa8+ Bxa8 43. Bxb3 1/2-1/2

[Event "BL 8182 Frankfurt-Solingen"]
[Site "?"]
[Date "1982.??.??"]
[Round "?.4"]
[White "Podzielny, K."]
[Black "Lau, R."]
[Result "0-1"]
[WhiteElo "2405"]
[BlackElo "2405"]
[PlyCount "58"]
[EventDate "1982.??.??"]

1. c4 e6 2. Nc3 c5 3. Nf3 Nf6 4. e3 d5 5. cxd5 exd5 6. d4 Nc6 7. Be2 cxd4 8.
Nxd4 Bd6 9. O-O O-O 10. Nf3 a6 11. b3 Re8 12. Bb2 Bb8 13. Qd3 Be6 14. Rac1 Ba7
15. Rfd1 Qe7 16. Bf1 Rad8 17. Ne2 Bg4 18. Ned4 Nb4 19. Qb1 Ne4 20. a3 Nc6 21.
Re1 Bxf3 22. Nxf3 Nxf2 23. Kxf2 Bxe3+ 24. Rxe3 Qxe3+ 25. Kg3 Rd6 26. Re1 Rg6+
27. Qxg6 hxg6 28. Rxe3 Rxe3 29. b4 Rb3 0-1

[Event "BL 8182 Frankfurt-Solingen"]
[Site "?"]
[Date "1982.??.??"]
[Round "?.5"]
[White "Dueball, J."]
[Black "Werner, D."]
[Result "0-1"]
[WhiteElo "2455"]
[BlackElo "2355"]
[PlyCount "86"]
[EventDate "1982.??.??"]

1. e4 d5 2. exd5 Nf6 3. c4 c6 4. Nc3 cxd5 5. d4 g6 6. cxd5 Bg7 7. Bc4 O-O 8.
Nge2 Nbd7 9. Bg5 Nb6 10. Bxf6 Bxf6 11. Bb3 a5 12. a4 Qd6 13. O-O Bg7 14. Ne4
Qb4 15. Nc5 Rd8 16. Nd3 Qd6 17. Nc3 Bxd4 18. Ne4 Qd7 19. Qe2 Qg4 20. Qxg4 Bxg4
21. Nf4 Bxb2 22. Rab1 Be5 23. Nd3 Bd4 24. Nf4 Be5 25. Nd3 Bd4 26. Nf4 Rac8 27.
Rfe1 Nc4 28. Bxc4 Rxc4 29. Rxb7 Rd7 30. Rb8+ Kg7 31. Rb5 Rxa4 32. Nd3 Bf5 33.
h3 Ba7 34. Ne5 Rc7 35. d6 Rxe4 36. Rxe4 Rc1+ 37. Kh2 Bxe4 38. dxe7 Rc8 39. f3
f6 40. Nc4 Bc6 41. Rxa5 Bb8+ 42. Kh1 Re8 43. Rc5 Rxe7 0-1

[Event "BL 8182 Frankfurt-Solingen"]
[Site "?"]
[Date "1982.??.??"]
[Round "?.6"]
[White "Haakert, J."]
[Black "Lehmann, H."]
[Result "1/2-1/2"]
[WhiteElo "2305"]
[BlackElo "2335"]
[PlyCount "55"]
[EventDate "1982.??.??"]

1. e4 e5 2. Nf3 Nc6 3. Be2 g6 4. d4 exd4 5. Nxd4 Bg7 6. Nxc6 bxc6 7. O-O Ne7 8.
Nc3 O-O 9. Be3 d6 10. Qd2 Be6 11. Rad1 Qb8 12. b3 a5 13. Na4 Qb4 14. Bd4 Qxd2
15. Rxd2 Bxd4 16. Rxd4 Rab8 17. c3 Nc8 18. f4 c5 19. Rd2 f6 20. e5 fxe5 21.
fxe5 Rxf1+ 22. Bxf1 Kf7 23. exd6 cxd6 24. Ba6 Ke7 25. Re2 Kf7 26. Rf2+ Ke7 27.
Re2 Kf7 28. Rf2+ 1/2-1/2

[Event "BL 8182 Frankfurt-Solingen"]
[Site "?"]
[Date "1982.??.??"]
[Round "?.7"]
[White "Borngaesser, R."]
[Black "Bialas, W."]
[Result "1-0"]
[WhiteElo "2320"]
[BlackElo "2340"]
[PlyCount "141"]
[EventDate "1982.??.??"]

1. e4 c5 2. Nc3 Nc6 3. g3 g6 4. Bg2 Bg7 5. d3 d6 6. Be3 e5 7. Nge2 Nge7 8. h4
Nd4 9. Qd2 Bg4 10. Ng1 f5 11. f3 Bh5 12. Bg5 Qd7 13. Bxe7 Qxe7 14. Nd5 Qf7 15.
c3 Nc6 16. Ne2 O-O 17. O-O Qd7 18. Bh3 Ne7 19. Nxe7+ Qxe7 20. Kg2 Qd7 21. c4
Rf7 22. Nc3 Raf8 23. Nd5 Qd8 24. g4 Qxh4 25. Qe1 Qg5 26. Qg3 fxg4 27. fxg4 Qd2+
28. Kg1 Rxf1+ 29. Rxf1 Rxf1+ 30. Bxf1 Qg5 31. Be2 Qd2 32. Kf2 Bh6 33. gxh5 Bg5
34. hxg6 hxg6 35. Qg4 Kg7 36. Qd7+ Kh6 37. Qh3+ Kg7 38. Qd7+ Kh6 39. Qh3+ Kg7
40. b3 a5 41. Qd7+ Kh6 42. Qh3+ Kg7 43. Qd7+ Kh6 44. Qh3+ Kg7 45. a3 Qc1 46.
Qd7+ Kh6 47. Qh3+ Kg7 48. Qd7+ Kh6 49. Qh3+ Kg7 50. Qg4 Kh6 51. Kg2 Qd2 52. Nc7
Be7 53. Qf3 Kg7 54. Ne6+ Kg8 55. Qf2 Qh6 56. Bg4 Bh4 57. Qf3 Qd2+ 58. Kh3 Be7
59. Nc7 Qh6+ 60. Kg2 Qd2+ 61. Kh3 Qh6+ 62. Kg2 Qd2+ 63. Qe2 Qg5 64. Nd5 Bd8 65.
Ne3 Kg7 66. Qf3 Bf6 67. Qg3 Qh6 68. Be6 Bg5 69. Ng4 Qh5 70. Qh3 Bh4 71. Qf3 1-0

[Event "BL 8182 Frankfurt-Solingen"]
[Site "?"]
[Date "1982.??.??"]
[Round "?.8"]
[White "Fahnenschmidt, G."]
[Black "Bilek, M."]
[Result "0-1"]
[WhiteElo "2325"]
[BlackElo "2280"]
[PlyCount "84"]
[EventDate "1982.??.??"]

1. d4 Nf6 2. c4 c5 3. e3 g6 4. Nf3 Bg7 5. Be2 O-O 6. O-O cxd4 7. exd4 d5 8. Nc3
Nc6 9. Re1 Bg4 10. cxd5 Nxd5 11. h3 Bxf3 12. Bxf3 e6 13. Bxd5 exd5 14. Be3 Qd7
15. Qb3 Rad8 16. Red1 h6 17. Qc2 f5 18. Qd2 g5 19. f3 Rde8 20. Bf2 Re6 21. Re1
Rg6 22. Ne2 f4 23. Qd3 Qf7 24. Nc3 Rd8 25. Rad1 h5 26. a3 Rdd6 27. Qe2 Bf8 28.
Nb5 Rde6 29. Qd3 Ref6 30. Nc3 g4 31. Kh1 Qd7 32. Qf1 gxh3 33. gxh3 Ne7 34. Kh2
Nf5 35. Qd3 Rg3 36. Re5 Ne3 37. Bxg3 fxg3+ 38. Kxg3 Qg7+ 39. Kf2 Qg2+ 40. Ke1
Nc2+ 41. Qxc2 Qxc2 42. Nxd5 Rxf3 0-1

[Event "BL 8182 Kettig-SKJE"]
[Site "?"]
[Date "1982.??.??"]
[Round "?.1"]
[White "Stein, B."]
[Black "Weidemann, J."]
[Result "1/2-1/2"]
[WhiteElo "2295"]
[BlackElo "2285"]
[PlyCount "74"]
[EventDate "1982.??.??"]

1. e4 e5 2. Nf3 d6 3. d4 exd4 4. Nxd4 g6 5. Nc3 Bg7 6. Be3 Nf6 7. f3 O-O 8. Qd2
Nc6 9. O-O-O Nxd4 10. Bxd4 Be6 11. g4 c5 12. Be3 Qa5 13. Bh6 b5 14. Bxg7 Kxg7
15. g5 Nh5 16. Nxb5 Qxa2 17. Qc3+ Kg8 18. Qa3 Qxa3 19. bxa3 Rad8 20. Rxd6 Rxd6
21. Nxd6 f6 22. gxf6 Rxf6 23. Be2 Nf4 24. Kd2 g5 25. Rb1 Rh6 26. Rh1 Kf8 27.
Bc4 Ke7 28. Bxe6 Kxd6 29. Bc4 Ke5 30. Ke3 Rh3 31. Bf1 Rh4 32. h3 h6 33. c3 h5
34. Rg1 Kf6 35. Rg3 Ng6 36. Rg1 Nf4 37. Rg3 Ng6 1/2-1/2

[Event "BL 8182 Frankfurt-HSK"]
[Site "?"]
[Date "1982.??.??"]
[Round "?.1"]
[White "Huebner, R."]
[Black "Lobron, E."]
[Result "1-0"]
[WhiteElo "2640"]
[BlackElo "2395"]
[PlyCount "94"]
[EventDate "1982.??.??"]

1. e4 c5 2. Nf3 e6 3. d4 cxd4 4. Nxd4 a6 5. Bd3 g6 6. Be3 Bg7 7. Nc3 Nc6 8.
Nxc6 bxc6 9. O-O Qa5 10. Rb1 d5 11. b4 Qc7 12. Na4 Nf6 13. exd5 cxd5 14. Nb6
Rb8 15. Nxc8 Qxc8 16. Qe2 Ra8 17. Rfc1 O-O 18. c4 dxc4 19. Rxc4 Qb7 20. Bd4 Nd5
21. Bxg7 Kxg7 22. h4 h5 23. Qe5+ Kg8 24. g4 Qb8 25. Qxb8 Raxb8 26. gxh5 gxh5
27. a3 Rb6 28. Kh2 Rd8 29. Be2 Rbd6 30. Bxh5 Nf6 31. Bf3 Rd4 32. Rbc1 Rxc4 33.
Rxc4 Rd3 34. Rf4 Kg7 35. a4 e5 36. Rf5 e4 37. Be2 Rb3 38. Bxa6 Rxb4 39. a5 Rb2
40. Kg1 Kg6 41. Rg5+ Kh6 42. Bc4 Nh5 43. a6 Rb1+ 44. Kh2 Ra1 45. Rf5 f6 46. Be2
Ng7 47. Rxf6+ Kh7 1-0